000 00343nam a22001457a 4500
999 _c8024
_d8024
003 OSt
005 20200617163213.0
008 200617b ||||| |||| 00| 0 eng d
020 _a9789881574336
082 _a725.83
_bXUQ
100 _aXu Qunyan
245 _aAudiovisual communication
260 _bArtPower International
_c 2014
942 _2ddc